| 000 | 00599nam a22002055i 4500 | ||
|---|---|---|---|
| 001 | 98931 | ||
| 003 | ES-MaACL | ||
| 007 | t| | ||
| 008 | 950915s1875 gw ||||1| eng d | ||
| 040 |
_aCAM _bspa _cCAM |
||
| 100 | 1 |
_aEdwards, Annie. _946664 |
|
| 245 | 1 | 0 |
_aLeah _b: a woman of fashion / _cby Edwardes [sic]. |
| 260 |
_aLeipzig : _bBernhard Tauchnitz, _c1875. |
||
| 300 |
_a1 v. ; _c16 cm. |
||
| 490 | 1 |
_aCollection of British authors ; _v1529 |
|
| 500 | _a2 tom. en 1 vol. | ||
| 830 | 0 |
_aCollection of British authors ; _v1529 _9180703 |
|
| 852 |
_aES-MaACL _jG-11549 |
||
| 999 |
_c98931 _d98931 |
||